00810nam a2200205Ia 4500008004100000020001500041020001400056040001800070041000800088245011000096260006100206300003400267504007200301650001300373650002800386650002500414700002800439700002800467856010900495130821s1997 enka gr eng  a052158003X a521589975 aCo-BoUCMbspa00aeng00aApplied methods for trade policy analysis a handbookceditado por Joseph F. Francois, Kenneth A. Reinert aCambridge (Inglaterra)bCambridge University Pressc1997 axv, 560 páginasbgráficas aIncluye referencias bibliograficas e indice de autor y de materias.04aComercio04aModelos econométricos04aPolítica comercial1 aFrancois, Joseph F. ed.1 aReinert, Kenneth A. ed.42zConsulte la tabla de contenido haciendo clic aquíuhttp://www.loc.gov/catdir/toc/cam025/96030246.html